[Event "Samara Polugaevsky Memorial 6th"]
[Site "Samara"]
[Date "2016.07.09"]
[Round "7"]
[White "Bobkov, Vadim"]
[Black "Ginosyan, Razmik"]
[Result "1/2-1/2"]
[WhiteElo "1903"]
[BlackElo "2069"]
[PlyCount "46"]
[EventDate "2016.07.03"]
[EventType "swiss"]
[EventRounds "9"]
[EventCountry "RUS"]
[SourceTitle "EXT 2019"]
[Source "ChessBase"]
[SourceDate "2018.10.10"]
[SourceVersion "1"]
[SourceVersionDate "2018.10.10"]
[SourceQuality "1"]

1. d4 d5 2. c4 c6 3. Nc3 Nf6 4. e3 e6 5. Nf3 c5 6. dxc5 Nc6 7. cxd5 exd5 8. Be2 Bxc5 9. 0-0 0-0 10. a3 a5 11. Qb3 Rb8 12. Rd1 Be6 13. Ng5 h6 14. Nxe6 fxe6 15. Bd2 Bd6 16. Be1 Kh8 17. Rac1 Qe7 18. Nb5 Bc5 19. Nd4 Bd6 20. Nb5 Bc5 21. Nd4 Bd6 22. Nb5 Bc5 23. Nd4 Bd6 1/2-1/2

[Event "Samara Polugaevsky Memorial 6th"]
[Site "Samara"]
[Date "2016.07.04"]
[Round "2"]
[White "Ginosyan, Razmik"]
[Black "Fedorov, Alexei"]
[Result "0-1"]
[WhiteElo "2069"]
[BlackElo "2565"]
[PlyCount "56"]
[EventDate "2016.07.03"]
[EventType "swiss"]
[EventRounds "9"]
[EventCountry "RUS"]
[SourceTitle "EXT 2019"]
[Source "ChessBase"]
[SourceDate "2018.10.10"]
[SourceVersion "1"]
[SourceVersionDate "2018.10.10"]
[SourceQuality "1"]

1. d4 Nf6 2. c4 g6 3. Nc3 Bg7 4. e4 d6 5. Be2 0-0 6. Bg5 Nbd7 7. Qd2 e5 8. d5 Nc5 9. f3 h6 10. Be3 a5 11. g4 h5 12. gxh5 Nxh5 13. 0-0-0 f5 14. exf5 Bxf5 15. Bxc5 dxc5 16. Bd3 Kh7 17. Kb1 Qh4 18. Ne4 Bxe4 19. Bxe4 Nf6 20. Bc2 e4 21. Qg2 Qh5 22. Nh3 exf3 23. Qg3 Ng4 24. Nf4 Rxf4 25. Qxf4 Rf8 26. Qxc7 Ne3 27. Rdg1 f2 28. Bxg6+ Qxg6+ 0-1

[Event "Zudov Memorial 10th"]
[Site "Nizhnij Tagil"]
[Date "2014.09.19"]
[Round "9"]
[White "Ginosyan, Razmik"]
[Black "Khegay, Dmitriy"]
[Result "1-0"]
[WhiteElo "2048"]
[BlackElo "2375"]
[PlyCount "49"]
[EventDate "2014.09.11"]
[EventType "swiss"]
[EventRounds "9"]
[EventCountry "RUS"]
[SourceTitle "CBM 162 Extra"]
[Source "ChessBase"]
[SourceDate "2014.10.17"]
[SourceVersion "1"]
[SourceVersionDate "2014.10.17"]
[SourceQuality "1"]

1. e4 d6 2. d4 Nf6 3. Nc3 e5 4. dxe5 dxe5 5. Qxd8+ Kxd8 6. Bc4 Ke8 7. Nf3 Bd6 8. Bg5 Nbd7 9. 0-0-0 a6 10. a4 b6 11. Bxf6 Nxf6 12. Ng5 Rf8 13. Nd5 Ng4 14. Nxb6 cxb6 15. Rxd6 b5 16. Bd5 Rb8 17. a5 Ke7 18. Rc6 Nf6 19. Rc7+ Bd7 20. Rd1 Rfc8 21. Ra7 Rc5 22. Nxf7 Rbc8 23. Rd2 Nxd5 24. exd5 R8c7 25. d6+ 1-0

[Event "Zudov Memorial 10th"]
[Site "Nizhnij Tagil"]
[Date "2014.09.17"]
[Round "7"]
[White "Ginosyan, Razmik"]
[Black "Povodyr, Alexander"]
[Result "1-0"]
[WhiteElo "2048"]
[BlackElo "1811"]
[PlyCount "61"]
[EventDate "2014.09.11"]
[EventType "swiss"]
[EventRounds "9"]
[EventCountry "RUS"]
[SourceTitle "CBM 162 Extra"]
[Source "ChessBase"]
[SourceDate "2014.10.17"]
[SourceVersion "1"]
[SourceVersionDate "2014.10.17"]
[SourceQuality "1"]

1. e4 e6 2. Nf3 d5 3. Nc3 d4 4. Ne2 d3 5. cxd3 Qxd3 6. Nc3 Qd8 7. d4 Nf6 8. Bd3 Nc6 9. 0-0 Be7 10. Bf4 Bd7 11. Qe2 Nh5 12. Bd2 0-0 13. e5 g6 14. Bh6 Ng7 15. Ne4 Be8 16. Rfd1 Nb4 17. Nf6+ Kh8 18. Be4 c6 19. Qd2 Nd5 20. Ng4 Rg8 21. Bg5 Bxg5 22. Nxg5 Nh5 23. Nxh7 g5 24. h4 f5 25. exf6 Ndxf6 26. Ngxf6 Nxf6 27. Nxg5 Rxg5 28. Qxg5 Nxe4 29. Qh6+ Kg8 30. Qxe6+ Bf7 31. Qxe4 1-0

[Event "Zudov Memorial 10th"]
[Site "Nizhnij Tagil"]
[Date "2014.09.11"]
[Round "1"]
[White "Ginosyan, Razmik"]
[Black "Demchenko, Anton"]
[Result "0-1"]
[WhiteElo "2048"]
[BlackElo "2588"]
[PlyCount "62"]
[EventDate "2014.09.11"]
[EventType "swiss"]
[EventRounds "9"]
[EventCountry "RUS"]
[SourceTitle "CBM 162 Extra"]
[Source "ChessBase"]
[SourceDate "2014.10.17"]
[SourceVersion "1"]
[SourceVersionDate "2014.10.17"]
[SourceQuality "1"]

1. e4 e5 2. Nf3 Nc6 3. Nc3 Nf6 4. Be2 Bd6 5. 0-0 0-0 6. d4 exd4 7. Nxd4 Be5 8. Be3 Re8 9. Bf3 d6 10. Re1 Bd7 11. h3 Qc8 12. Nxc6 bxc6 13. Qd3 a5 14. Bd4 Qb7 15. g4 h6 16. Bxe5 Rxe5 17. Bg2 g5 18. Ne2 Rae8 19. f4 Qb6+ 20. Kh1 Nxe4 21. Qf3 gxf4 22. Rf1 Ng5 23. Qxf4 Rxe2 24. h4 Qe3 25. hxg5 Qxf4 26. Rxf4 hxg5 27. Rc4 c5 28. a4 R8e3 29. Rf1 Be6 30. Rc3 Rxc3 31. bxc3 Rxc2 0-1

[Event "RUS-chT U20"]
[Site "Kolomna"]
[Date "2014.08.08"]
[Round "7"]
[White "Ginosyan, Razmik"]
[Black "Gusarov, Aleksey"]
[Result "1/2-1/2"]
[WhiteElo "1998"]
[BlackElo "2100"]
[PlyCount "134"]
[EventDate "2014.08.02"]
[EventType "swiss"]
[EventRounds "9"]
[EventCountry "RUS"]
[SourceTitle "EXT 2016"]
[Source "ChessBase"]
[SourceDate "2015.10.08"]
[SourceVersion "1"]
[SourceVersionDate "2015.10.08"]
[SourceQuality "1"]

1. e4 c6 2. d4 d5 3. Nc3 dxe4 4. Nxe4 Nf6 5. Nxf6+ gxf6 6. c3 Qd6 7. Be3 Bf5 8. Nf3 Nd7 9. g3 Nb6 10. Bg2 Nd5 11. Nh4 Nxe3 12. fxe3 Bg6 13. 0-0 Qe6 14. Qf3 Bh6 15. e4 Bg5 16. Nxg6 hxg6 17. h4 Bh6 18. Kh2 Bg7 19. Bh3 Qd6 20. e5 Qd5 21. Qxd5 cxd5 22. exf6 Bxf6 23. Rae1 Bg7 24. Bg2 Rd8 25. Bf3 Rd6 26. Kg2 e6 27. Rh1 Bf6 28. Kf2 Be7 29. Ke2 Rb6 30. Rb1 f5 31. b3 Ra6 32. a4 Kf7 33. Kd3 Rd6 34. Rbe1 a5 35. Rb1 Rb6 36. c4 Rd8 37. cxd5 exd5 38. Rhc1 Rd7 39. Rc8 Rb4 40. Kc3 Bf6 41. Rd1 b6 42. Rc6 Kg7 43. Rc8 Re7 44. Rd3 Rxd4 45. Rxd4 Re3+ 46. Kd2 Bxd4 47. Bxd5 Rxg3 48. Rg8+ Kf6 49. h5 Ke5 50. Bf7 Rg2+ 51. Kd3 Rg3+ 52. Kd2 g5 53. h6 Rh3 54. Rxg5 Rxh6 55. Rg6 Rh2+ 56. Kd3 Rh3+ 57. Ke2 Bc5 58. Bc4 Re3+ 59. Kf1 Kd4 60. Rf6 Rf3+ 61. Kg2 Ke3 62. Re6+ Kf4 63. Re2 Rc3 64. Re8 Be3 65. Rf8 Rc2+ 66. Kf1 Kg4 67. Be2+ Kf4 1/2-1/2

[Event "Voronezh op-A 18th"]
[Site "Voronezh"]
[Date "2014.06.21"]
[Round "9"]
[White "Ginosyan, Razmik"]
[Black "Chigaeva, Anastasia"]
[Result "1/2-1/2"]
[WhiteElo "1972"]
[BlackElo "2072"]
[PlyCount "51"]
[EventDate "2014.06.12"]
[EventType "swiss"]
[EventRounds "9"]
[EventCountry "RUS"]
[SourceTitle "CBM 160 Extra"]
[Source "ChessBase"]
[SourceDate "2014.07.01"]
[SourceVersion "1"]
[SourceVersionDate "2014.07.01"]
[SourceQuality "1"]

1. d4 Nf6 2. c4 g6 3. Nc3 Bg7 4. e4 d6 5. f3 0-0 6. Be3 Nc6 7. Nge2 a6 8. Qd2 Na5 9. Nf4 b5 10. cxb5 axb5 11. Bxb5 Nb3 12. Qd1 Nxa1 13. Qxa1 Bd7 14. Bc4 Qb8 15. 0-0 c5 16. dxc5 dxc5 17. Nd3 Rc8 18. e5 Ne8 19. Nd5 Bf8 20. Nxc5 Bf5 21. b3 Ra5 22. b4 Ra3 23. Na6 Qb7 24. Nc5 Qb8 25. Na6 Qb7 26. Nc5 1/2-1/2

[Event "Voronezh op-A 18th"]
[Site "Voronezh"]
[Date "2014.06.15"]
[Round "4"]
[White "Ponomariov, Timur"]
[Black "Ginosyan, Razmik"]
[Result "0-1"]
[WhiteElo "2250"]
[BlackElo "1972"]
[PlyCount "58"]
[EventDate "2014.06.12"]
[EventType "swiss"]
[EventRounds "9"]
[EventCountry "RUS"]
[SourceTitle "CBM 160 Extra"]
[Source "ChessBase"]
[SourceDate "2014.07.01"]
[SourceVersion "1"]
[SourceVersionDate "2014.07.01"]
[SourceQuality "1"]

1. e4 c5 2. Nf3 d6 3. d4 cxd4 4. Nxd4 Nf6 5. f3 Nc6 6. c4 g6 7. Nc3 Bg7 8. Nc2 0-0 9. Bd3 Be6 10. 0-0 Ne5 11. Nd5 Rc8 12. Nce3 Bxd5 13. exd5 Qb6 14. Qe2 Nxd3 15. Qxd3 Nd7 16. Qe2 Ne5 17. Kh1 Qa6 18. Rd1 Rfe8 19. Rd4 Nxf3 20. Re4 Ne5 21. Bd2 f5 22. Rf4 Bh6 23. Raf1 Bxf4 24. Rxf4 Qxa2 25. Bc3 Qb1+ 26. Rf1 Qe4 27. b3 f4 28. Bxe5 Qxe5 29. g4 fxe3 0-1

[Event "Voronezh op-A 18th"]
[Site "Voronezh"]
[Date "2014.06.13"]
[Round "2"]
[White "Severina, Maria"]
[Black "Ginosyan, Razmik"]
[Result "1-0"]
[WhiteElo "2202"]
[BlackElo "1972"]
[PlyCount "59"]
[EventDate "2014.06.12"]
[EventType "swiss"]
[EventRounds "9"]
[EventCountry "RUS"]
[SourceTitle "CBM 160 Extra"]
[Source "ChessBase"]
[SourceDate "2014.07.01"]
[SourceVersion "1"]
[SourceVersionDate "2014.07.01"]
[SourceQuality "1"]

1. c4 c6 2. Nf3 d5 3. b3 Nf6 4. Bb2 Bf5 5. e3 e6 6. Be2 Nbd7 7. 0-0 Be7 8. Nh4 Bg6 9. f4 Bxb1 10. Qxb1 Ne4 11. Nf3 Bf6 12. d4 0-0 13. Bd3 c5 14. Bxe4 dxe4 15. Qxe4 Qc7 16. Ne5 Rad8 17. Ng4 Be7 18. d5 h5 19. dxe6 hxg4 20. exd7 Qxd7 21. f5 Bg5 22. Rae1 Qd2 23. Ba1 Rfe8 24. Qxg4 Bxe3+ 25. Kh1 Bd4 26. f6 g6 27. Qxg6+ fxg6 28. f7+ Kh7 29. Rxe8 Bxa1 30. Rxd8 1-0

[Event "Urals-ch 72nd"]
[Site "Tiumen"]
[Date "2014.03.26"]
[Round "7"]
[White "Ginosyan, Razmik"]
[Black "Popov, Mikhail"]
[Result "0-1"]
[WhiteElo "1933"]
[BlackElo "2257"]
[PlyCount "48"]
[EventDate "2014.03.20"]
[EventType "swiss"]
[EventRounds "9"]
[EventCountry "RUS"]
[SourceTitle "CBM 159 Extra"]
[Source "ChessBase"]
[SourceDate "2014.04.24"]
[SourceVersion "1"]
[SourceVersionDate "2014.04.24"]
[SourceQuality "1"]

1. e4 g6 2. d4 Bg7 3. Nc3 d6 4. f4 Nd7 5. Nf3 a6 6. Bc4 e6 7. a4 b6 8. f5 exf5 9. exf5 Ne7 10. Bxf7+ Kxf7 11. Ng5+ Kg8 12. Ne6 Qe8 13. Nxc7 Qf7 14. Nxa8 Bb7 15. Nc7 Nxf5 16. d5 Nc5 17. Ne6 Nxe6 18. dxe6 Qxe6+ 19. Qe2 Be5 20. Kd1 Nd4 21. Qf2 Qg4+ 22. Ne2 Bxg2 23. Rg1 Nxe2 24. Qxg2 Nc3+ 0-1

[Event "Urals-ch 72nd"]
[Site "Tiumen"]
[Date "2014.03.21"]
[Round "2"]
[White "Ginosyan, Razmik"]
[Black "Kopytov, Viacheslav"]
[Result "1-0"]
[WhiteElo "1933"]
[BlackElo "1797"]
[PlyCount "67"]
[EventDate "2014.03.20"]
[EventType "swiss"]
[EventRounds "9"]
[EventCountry "RUS"]
[SourceTitle "CBM 159 Extra"]
[Source "ChessBase"]
[SourceDate "2014.04.24"]
[SourceVersion "1"]
[SourceVersionDate "2014.04.24"]
[SourceQuality "1"]

1. e4 d6 2. d4 Nf6 3. Nc3 e5 4. Nf3 exd4 5. Nxd4 Be7 6. Bf4 0-0 7. Qd2 Nc6 8. 0-0-0 Nxd4 9. Qxd4 Be6 10. f3 a6 11. g4 b5 12. Qd2 Nd7 13. h4 Bf6 14. g5 Be5 15. Be3 f5 16. Bh3 Bxc3 17. Qxc3 Ne5 18. Bd4 b4 19. Qe3 Qe8 20. Kb1 Nc4 21. Qe2 c5 22. exf5 Bxf5 23. Qxc4+ Kh8 24. Bxf5 Rxf5 25. Rhe1 Qf8 26. Bg1 Rxf3 27. Bh2 Rd8 28. Qxa6 d5 29. Be5 c4 30. b3 cxb3 31. axb3 Qf5 32. Rd3 Rf2 33. Qb7 Rc8 34. Qxg7# 1-0